|
|
|
|
| LEADER |
00000nas a2200000 a 4500 |
| 001 |
ssj0018370 |
| 003 |
WaSeSS |
| 005 |
20200512172242.0 |
| 006 |
m d |
| 007 |
cr n |
| 008 |
910611c19909999caubr p s 0 a0eng c |
| 010 |
|
|
|a sn 92025851
|
| 016 |
7 |
|
|a 9425758
|2 DNLM
|
| 016 |
7 |
|
|a SR0070284
|2 DNLM
|
| 022 |
|
|
|l 1067-8379
|y 1067-8379
|
| 035 |
|
|
|a (WaSeSS)ssj0018370
|
| 037 |
|
|
|b Aging today, ASA, 833 Market Street, Suite 512, San Francisco, CA 94103.
|
| 040 |
|
|
|a DGC
|b eng
|c DGC
|d MH
|d NSDP
|d DNLM
|d MH
|d OCoLC
|d IDes
|d OCoLC
|d OCLCF
|d OCoLC
|d WaSeSS
|
| 042 |
|
|
|a pcc
|a nsdp
|
| 043 |
|
|
|a n-us---
|
| 060 |
0 |
0 |
|a W1
|b AG347
|
| 082 |
1 |
0 |
|a 305
|2 12
|
| 210 |
0 |
|
|a Aging today
|
| 222 |
|
0 |
|a Aging today
|
| 245 |
0 |
0 |
|a Aging today
|h [electronic resource] :
|b the bimonthly newspaper of the American Society on Aging.
|
| 260 |
|
|
|a San Francisco, Calif. :
|b The Society,
|c 1991-
|
| 310 |
|
|
|a Bimonthly
|
| 362 |
0 |
|
|a Vol. 11, no. 6 (Dec. 1990/Jan. 1991)-
|
| 500 |
|
|
|a Title from caption.
|
| 506 |
|
|
|a License restrictions may limit access.
|
| 588 |
|
|
|a Latest issue consulted: Vol. 16, no. 4 (July/Aug. 1995).
|
| 650 |
|
0 |
|a Older people
|x Care
|z United States
|v Periodicals.
|
| 650 |
|
0 |
|a Older people
|x Government policy
|z United States
|v Periodicals.
|
| 650 |
|
0 |
|a Older people
|x Legal status, laws, etc.
|z United States
|v Periodicals.
|
| 650 |
|
2 |
|a Aged
|x legislation & jurisprudence.
|
| 650 |
|
2 |
|a Aged.
|
| 650 |
|
2 |
|a Health Services for the Aged
|x legislation & jurisprudence.
|
| 650 |
|
2 |
|a Health Services for the Aged.
|
| 650 |
|
7 |
|a Older people
|x Care.
|2 fast
|0 (OCoLC)fst01199096
|
| 650 |
|
7 |
|a Older people
|x Government policy.
|2 fast
|0 (OCoLC)fst01199109
|
| 650 |
|
7 |
|a Older people
|x Legal status, laws, etc.
|2 fast
|0 (OCoLC)fst01199114
|
| 651 |
|
2 |
|a United States.
|
| 651 |
|
7 |
|a United States.
|2 fast
|0 (OCoLC)fst01204155
|
| 655 |
|
0 |
|a Electronic journals.
|
| 710 |
2 |
|
|a American Society on Aging.
|
| 780 |
0 |
0 |
|t Aging connection
|x 1043-1284
|w (DLC)sn 89007957
|w (OCoLC)19320399
|
| 850 |
|
|
|a DNLM
|a MCR-S
|
| 852 |
|
|
|x universal pattern
|
| 853 |
0 |
0 |
|8 1
|a v.
|b no.
|i (year)
|j (month/month)
|
| 856 |
4 |
0 |
|z Full text available from Research Library: 09/01/2002 to present
|u https://search.proquest.com/publication/33559
|
| 863 |
4 |
1 |
|8 1
|a <13>
|b <4>
|i <1992>
|j <July/Aug.>
|x provisional
|